Marketing Research Text and Cases
Gespeichert in:
| 1. Verfasser: | |
|---|---|
| Weitere Verfasser: | , |
| Format: | Buch |
| Sprache: | Englisch |
| Veröffentlicht: |
Homewood
IRWIN
1989
|
| Ausgabe: | 7. ed. |
| Schlagworte: | |
| Tags: |
Keine Tags, Fügen Sie das erste Tag hinzu!
|
MARC
| LEADER | 00000nam a2200000 4500 | ||
|---|---|---|---|
| 001 | c019692 | ||
| 005 | 20221206131452.3 | ||
| 020 | |a 0-256-06813-5 | ||
| 041 | 0 | |a eng | |
| 044 | |a US | ||
| 245 | 1 | 0 | |a Marketing Research |b Text and Cases |c Harper W. Boyd, Ralph Westfall, Stanley F. Stasch |
| 250 | |a 7. ed. | ||
| 264 | 1 | |a Homewood |b IRWIN |c 1989 | |
| 300 | |a 816 s. | ||
| 610 | 2 | 0 | |a marketing |
| 610 | 2 | 0 | |a systémy informačné marketingové |
| 610 | 2 | 0 | |a výskum |
| 610 | 2 | 0 | |a výskum dopytu |
| 610 | 2 | 0 | |a výskum podnikový |
| 610 | 2 | 0 | |a výskum trhu |
| 610 | 2 | 0 | |a výrobky |
| 610 | 2 | 0 | |a štúdie prípadové |
| 100 | 1 | |a Boyd, Harper W. | |
| 700 | 1 | |a Westfall, Ralph | |
| 700 | 1 | |a Stasch, Stanley F. | |